IFM Opac

ROBOTSICS (Record no. 17424)

MARC details
000 -LEADER
fixed length control field 00317nam a22001457a 4500
020 ## - INTERNATIONAL STANDARD BOOK NUMBER
International Standard Book Number 0 408 70522 1
082 ## - DEWEY DECIMAL CLASSIFICATION NUMBER
Classification number 629.892 YOU.
100 ## - MAIN ENTRY--PERSONAL NAME
Personal name YOUNG JOHN
245 ## - TITLE STATEMENT
Title ROBOTSICS
260 ## - PUBLICATION, DISTRIBUTION, ETC.
Place of publication, distribution, etc. England
Name of publisher, distributor, etc. Redwood
Date of publication, distribution, etc. 1973
300 ## - PHYSICAL DESCRIPTION
Extent 301p.
Other physical details ill, 23cm.
500 ## - GENERAL NOTE
General note Include, Index.
650 ## - SUBJECT ADDED ENTRY--TOPICAL TERM
Topical term or geographic name entry element ROBOTICS
942 ## - ADDED ENTRY ELEMENTS (KOHA)
Koha item type Books
Holdings
Withdrawn status Lost status Source of classification or shelving scheme Damaged status Not for loan Home library Current library Shelving location Date acquired Full call number Barcode Date last seen Price effective from Koha item type
    Dewey Decimal Classification     IFM Main Campus Library IFM Main Campus Library   08/03/2017 629.892 YOU. 0000012179 08/03/2017 08/03/2017 Books